00556cam a2200169 a 4500020001500000041000800015082001800023100002500041245008800066250001700154260005900171300001300230650001300243942000700256952010600263999001700369 a8173040257 aENG a294.5514bBHA1 aBhattacharyya, N. N.10aHistory of the Tantric religion : An Historical Ritualistic and Philosophical Study a2nd rev. ed. aNew Delhi :bManohar Publishers & Distributors,c1999. a483 p. ; 0aTantrism cBK 00104070aHMIbHMIcGENd2019-10-09l2o294.5514 BHAp25611r2022-09-14s2022-09-06w2019-10-09yBK c22735d22735